00895nam a22002657a 4500001000400000003000600004005001700010008004100027020001800068040003000086042000900116050001900125082001100144100004700155245003000202260003200232300004500264505000600309520007100315521001800386521001600404650002200420856009700442856009000539308FISKH20230320092434.0230317b cb ||||| |||| 00| 0 eng d a9780007455935 aDLCcDLCdDLCdFISKHbeng alcac00aPZ8.3.G276bLo00a813.541 aGeisel, TheodorcDr.qTheodor Seuss Geisel14aThe Lorax,cby Dr. Seuss. aLondonbHarperCollinsc2012 a32 leaves of platesbcol. illus.c29 cm. aK aThe Once-ler describes the results of the local pollution problem.8 a560 bLexile8 aK bLexile 1aStories in rhyme.423Contributor biographical informationuhttp://www.loc.gov/catdir/bios/random056/74158378.html423Publisher descriptionuhttp://www.loc.gov/catdir/description/random0413/74158378.html